000 00776nam a2200241Ia 4500
003 OSt
005 20220923220531.0
006 a|||||r|||| 00| 0
007 ta
008 220922b |||||||| |||| 00| 0 hin d
024 _a187,440
037 _cTextual
040 _aARTS
_cARTS
_bhin
041 _2hin
_ahin
082 _aW, 152H0
100 _aश्रीवास्तव, आई0 एन0
245 0 _aराजनीतिक शास्त्र परिचय
246 _aRājanītik shāstra parichaya
260 _aदिल्ली
_b मलहोत्रा बा्रदर्स
_c1940
300 _a548 पृ.
_ccm.
942 _hW, 152H0
_cTEXL
_2CC
999 _c340517
_d340517